| 000 | 00516nam a2200181 a 4500 | ||
|---|---|---|---|
| 001 | 000010628 | ||
| 005 | 20240412074220.0 | ||
| 008 | 091008s1976 dr 001 0 spa d | ||
| 040 | _aDO-SdBNP | ||
| 082 |
_aRD861.44 _bO642r |
||
| 100 | 1 |
_aOrbe, Leonardo del _925717 |
|
| 245 | 1 | 0 |
_aRecuerdos y añoranzas/ : _bLeonardo del Orbe. |
| 260 |
_aSanto Domingo : _bCultural Dominicana, _c1976. |
||
| 300 |
_a72 p. ; _c21 cm. |
||
| 650 | 0 |
_aPoesía dominicana _966 |
|
| 650 | 0 |
_aLiteratura dominicana. _967 |
|
| 049 | _aBNPD | ||
| 999 |
_c10386 _d10386 |
||